| 000 | 00554nam a2200205Ia 4500 | ||
|---|---|---|---|
| 001 | 12920 | ||
| 003 | GE_BSU | ||
| 008 | 181216s||||||||xx |||||||||||||| ||und|| | ||
| 020 | _a0340794763 | ||
| 040 | _cGE_BSU | ||
| 080 | _a821.111-311.6 | ||
| 100 | _aStockwin,Julian. | ||
| 245 | _aArtemis.The magnificent new novel from the bestselling author of kydd. | ||
| 260 | _aLondon. | ||
| 260 | _bCoronet books. | ||
| 260 | _c2002 | ||
| 300 | _a470p;18cm. | ||
| 653 | _aArtemis.The magnificent new novel from the bestselling author of kydd. | ||
| 942 | _cBK | ||
| 999 |
_c46090 _d46090 |
||